[Event "ch-Marshall CC"]
[Site "New York USA"]
[Date "2004.12.18"]
[Round "8"]
[White "Sarkar,J"]
[Black "Ehlvest,J"]
[Result "1/2-1/2"]
[WhiteElo "2386"]
[BlackElo "2631"]

1.e4 c5 2.Nf3 d6 3.d4 cxd4 4.Nxd4 Nf6 5.Nc3 e6 6.g4 h6 7.h4 Nc6 8.Rg1 h5
9.gxh5 Nxh5 10.Bg5 Nf6  1/2-1/2

[Event "ch-Marshall CC"]
[Site "New York USA"]
[Date "2004.12.19"]
[Round "9"]
[White "Ehlvest,J"]
[Black "Sena,J"]
[Result "1-0"]
[WhiteElo "2631"]
[BlackElo "2200"]

1.d4 Nf6 2.c4 g6 3.Nf3 Bg7 4.Nc3 d6 5.Bg5 O-O 6.e3 c5 7.Be2 h6 8.Bh4 g5 9.Bg3 Nh5
10.d5 Nxg3 11.hxg3 e6 12.Qc2 Na6 13.dxe6 Bxe6 14.Rd1 Qe7 15.Nd5 Bxd5 16.cxd5 Rfe8
17.Bxa6 bxa6 18.Nd2 Rab8 19.Nc4 Qe4 20.Qxe4 Rxe4 21.b3 Bf8 22.f3 Ree8 23.Ke2 a5
24.g4 a4 25.bxa4 Rb4 26.Kd3 Rxa4 27.a3 Rxc4 28.Kxc4 Rxe3 29.Rhe1 Rxa3 30.Ra1 Rxa1
31.Rxa1 Bg7 32.Rxa7 Be5 33.Re7 Bg3 34.Kb5 Kg7 35.Re4 Kg6 36.Kc6 h5 37.gxh5+ Kxh5
38.Kd7 Bf4 39.Ke7 f5 40.Re2 g4 41.Kf6 gxf3 42.gxf3 Kh4 43.Kxf5 Kg3 44.Ke4 Be5
45.Rc2 Bf4 46.Rc4 Be5 47.Rxc5  1-0

[Event "128th NY Masters"]
[Site "New York USA"]
[Date "2005.01.04"]
[Round "4"]
[White "Ehlvest,J"]
[Black "Lenderman,A"]
[Result "1-0"]
[WhiteElo "2631"]
[BlackElo "2298"]

1.d4 d5 2.c4 c6 3.Nc3 Nf6 4.e3 a6 5.Qc2 g6 6.Nf3 Bg7 7.Be2 O-O 8.O-O Bf5
9.Qb3 b5 10.cxd5 Nxd5 11.Bd2 Nxc3 12.Qxc3 h6 13.Rac1 Be4 14.Ne5 f6 15.Nd3 Qd6
16.Nc5 Bd5 17.e4 Bf7 18.Rfd1 Qc7 19.Qh3 Kh7 20.Be3 Rd8 21.Bg4 e5 22.d5 a5
23.Be6 Be8 24.Bg8+ Kxg8 25.Ne6 Qd7 26.Nxd8 Qxd8 27.dxc6 Qc7 28.Qe6+ Bf7 29.Qd6 Na6
30.Qxc7 Nxc7 31.Bb6 Ne6 32.c7 Rc8 33.Rd8+ Nxd8 34.cxd8=Q+ Rxd8 35.Bxd8 Bxa2
36.Bxa5 Bc4 37.Rd1 Bf8 38.Rd7 Bc5 39.Bd2 h5 40.Be3 Bf8 41.f3 Bg7 42.h4 f5
43.Kf2 Bf8 44.Rc7 Bb4 45.Bc5 Bd2 46.Bd6 Bd3 47.exf5 Bxf5 48.Bxe5 Ba5 49.Rb7 Bd3
50.Ke3 Bf1 51.Rg7+ Kf8 52.Rxg6 Kf7 53.Rf6+ Ke7 54.Kf2 Bd3 55.Bd4 Bd2 56.Rb6 Kf7
57.Be3 Bb4 58.g4 Be7 59.Kg3 hxg4 60.fxg4 Bf6 61.b4 Bc3 62.Rb7+ Ke6 63.h5 Bxb4
64.Bd4 Be1+ 65.Kf3 Bd2 66.Be3 Bc3 67.h6 Kd5 68.Rd7+ Kc4 69.h7 Bb2 70.Bd4 Bxh7
71.Bxb2 Bg8 72.Ke3  1-0

[Event "130th NY Masters"]
[Site "New York USA"]
[Date "2005.01.18"]
[Round "1"]
[White "Ehlvest,J"]
[Black "Bartell,T"]
[Result "1-0"]
[WhiteElo "2631"]
[BlackElo "2308"]

1.d4 g6 2.Nf3 Bg7 3.Bg5 Nf6 4.e3 O-O 5.Be2 d6 6.c4 Nbd7 7.Nc3 c6 8.Qc2 e5
9.Rd1 Qe7 10.O-O Re8 11.a3 h6 12.Bh4 g5 13.dxe5 dxe5 14.Bg3 Nh5 15.Ne4 Nxg3
16.fxg3 Nc5 17.Nd6 Rd8 18.Nxc8 Raxc8 19.b4 Ne6 20.c5 Nc7 21.Nd2 Nd5 22.Nc4 b5
23.cxb6 axb6 24.e4 b5 25.exd5 cxd5 26.Qf5 bxc4 27.Rxd5 Rc7 28.Bxc4 Rxd5 29.Bxd5 Qd7
30.Qe4 Qd6 31.h3 Qb6+ 32.Kh2 Qd4 33.b5 Qxe4 34.Bxe4 Rc5 35.b6 Bf8 36.b7 Rb5
37.a4  1-0

[Event "131st NY Masters"]
[Site "New York USA"]
[Date "2005.01.25"]
[Round "1"]
[White "Lenderman,A"]
[Black "Ehlvest,J"]
[Result "1/2-1/2"]
[WhiteElo "2329"]
[BlackElo "2622"]

1.e4 c5 2.d4 cxd4 3.c3 Nf6 4.e5 Nd5 5.Bc4 Qc7 6.Qe2 Nb6 7.Bb3 d3 8.Qe4 Qc6
9.Qf4 Qxg2 10.Qxf7+ Kd8 11.Qf3 Qg6 12.Nh3 Qc6 13.Nd2 Qxf3 14.Nxf3 e6 15.Nf4 Na6
16.Nxd3 Nc5 17.Nxc5 Bxc5 18.Ng5 Rf8 19.f4 h6 20.Ne4 Be7 21.Rg1 Nd5 22.Bxd5 exd5
23.Nd6 Kc7 24.Nxc8 Raxc8 25.Rxg7 Bc5 26.b4 Bb6 27.a4 Rg8 28.Rxg8 Rxg8 29.a5 Bg1
30.Ra2 d4 31.Kf1 dxc3 32.Rc2 Kd8 33.Rg2 Rxg2 34.Kxg2 Bd4 35.Kf3 c2 36.b5 a6
37.Ke4 Bc3 38.bxa6 bxa6 39.Kd3 Bxa5 40.Kxc2 Bb6 41.Kd3 Ke7 42.f5 h5 43.Kc4 Bg1
44.h3 Bh2 45.Kd5 a5 46.Ba3+ Kf7 47.Kd6 Bf4 48.Bb2 Ke8 49.Kd5 Bd2 50.Ba3 Bc3
51.e6 Bb4 52.Bxb4 axb4 53.Kc4 dxe6 54.fxe6 Ke7 55.Kxb4 Kxe6 56.Kc3 Ke5 57.Kd3 Kf4
58.Ke2  1/2-1/2

[Event "132nd NY Masters"]
[Site "New York USA"]
[Date "2005.02.01"]
[Round "1"]
[White "Hess,Ro"]
[Black "Ehlvest,J"]
[Result "0-1"]
[WhiteElo "2255"]
[BlackElo "2622"]

1.e4 c5 2.Nc3 e6 3.d3 d5 4.g3 Nf6 5.Bg2 d4 6.Nce2 Nc6 7.f4 e5 8.Nf3 Bd6 9.h3 exf4
10.Bxf4 Nh5 11.Qd2 O-O 12.O-O Be6 13.Bxd6 Qxd6 14.Qg5 g6 15.Nf4 f6 16.Qh4 Ng7
17.Nxe6 Nxe6 18.Nd2 Kg7 19.Nc4 Qc7 20.a4 Ne5 21.Nxe5 Qxe5 22.Rf2 Rf7 23.Raf1 Raf8
24.Qg4 h5 25.Qf3 Nd8 26.h4 Nc6 27.Bh3 Qd6 28.g4 Ne5 29.Qg3 hxg4 30.Bxg4 Rh8
31.h5 Rh6 32.Rg2 Kf8 33.Qf4 g5 34.Qg3 Ke7 35.Rgf2 Rf8 36.Rf5 Rfh8 37.Bd1 a6
38.Kg2 c4 39.R1f2 cxd3 40.cxd3 g4 41.Qh4 Rg8 42.Qg3 Rgh8 43.Qh2 Nxd3 44.Qxd6+ Kxd6
45.Rd2 Ne5 46.Rxd4+ Kc7 47.Rd2 Rxh5 48.Rxh5 Rxh5 49.Rf2 Rh6 50.Kg3 Rh3+ 51.Kg2 Re3
52.Rxf6 Rxe4 53.Rf2 Kd6 54.Rd2+ Kc5 55.Kg3 Rd4 56.Rc2+ Kb4 57.Be2 Re4 58.Bf1 Kxa4
59.Bg2 Rb4 60.Re2 Nd3 61.Re3 Nxb2 62.Be4 Ka5 63.Kxg4 Nc4 64.Re1 Nd6  0-1

[Event "Millennium Open"]
[Site "Virginia Beach USA"]
[Date "2005.02.25"]
[Round "1"]
[White "Ehlvest,J"]
[Black "Francisco,R"]
[Result "1-0"]
[WhiteElo "2622"]
[BlackElo "2195"]

1.e4 c5 2.Nf3 Nc6 3.d4 cxd4 4.Nxd4 Nf6 5.Nc3 e5 6.Ndb5 d6 7.Bg5 a6 8.Na3 b5
9.Nd5 Qa5+ 10.Bd2 Qd8 11.Nxf6+ Qxf6 12.Bd3 Qg6 13.O-O Bh3 14.Qf3 Be6 15.c3 Be7
16.Nc2 O-O 17.Ne3 Bg5 18.Qe2 Ne7 19.a4 Rab8 20.axb5 axb5 21.Ra6 Bc8 22.Raa1 Bb7
23.f3 d5 24.exd5 Qh6 25.Ng4 Qb6+ 26.Qf2 Qxf2+ 27.Rxf2 Bxd2 28.Rxd2 Bxd5 29.Nxe5 Rfd8
30.Rad1  1-0

[Event "CCA-ICC Open"]
[Site "Lake George USA"]
[Date "2005.05.13"]
[Round "5"]
[White "Ehlvest,J"]
[Black "Fernandez,D USA"]
[Result "1-0"]
[WhiteElo "2614"]
[BlackElo "2406"]

1.d4 d5 2.c4 e6 3.Nf3 c6 4.Nbd2 Nf6 5.g3 Nbd7 6.Bg2 Bd6 7.O-O O-O 8.Qc2 Re8
9.b3 e5 10.cxd5 cxd5 11.dxe5 Nxe5 12.Bb2 Bg4 13.Bxe5 Bxe5 14.Nxe5 Rxe5 15.Nf3 Bf5
16.Qd2 Re7 17.Nd4 Be4 18.Bh3 Qd6 19.Qf4 Qb6 20.Rfd1 Rae8 21.Rac1 h6 22.Qd2 Re5
23.Qc3 Rh5 24.Bf1 Ng4 25.f3 Nxh2 26.fxe4 Rxe4 27.Bg2 Rxe2 28.Qd3 Re8 29.Re1 Rf8
30.Qd1 Qg6 31.Ne2 Ng4 32.Qd4 Ne5 33.Rcd1 Rf5 34.Rf1 Nc6 35.Qc3 Rxf1+ 36.Rxf1 d4
37.Nxd4 Nxd4 38.Qxd4 Qxg3 39.Qxa7 b5 40.Qe7 h5 41.Kh1 Qd3 42.Qe4 Qd2 43.Qe5 h4
44.Bd5 Qd3 45.Rxf7 Qh3+ 46.Qh2  1-0

[Event "CCA-ICC Open"]
[Site "Lake George USA"]
[Date "2005.05.15"]
[Round "9"]
[White "Mikhalevski,V"]
[Black "Ehlvest,J"]
[Result "1-0"]
[WhiteElo "2572"]
[BlackElo "2614"]

1.d4 e6 2.c4 b6 3.e4 Bb7 4.Qc2 g6 5.Nc3 Bg7 6.Nf3 Ne7 7.Be2 O-O 8.O-O f5
9.Rd1 fxe4 10.Nxe4 Nbc6 11.d5 Nb4 12.Qb3 a5 13.a3 exd5 14.Neg5 Na6 15.cxd5 Nc5
16.Qc4 Ba6 17.Qc2 Bxe2 18.Qxe2 Nf5 19.Qc2 Re8 20.d6 Nxd6 21.Bf4 Qf6 22.Bxd6 cxd6
23.Qc4+ Ne6 24.Ne4 Qf4 25.Rab1 Rac8 26.Qd3 Nd4 27.Nxd4 Qxe4 28.Qb3+ Kh8 29.Nf3 d5
30.Qxb6 a4 31.Qb5 Qc4 32.Qxd7 d4 33.Ne1 Rcd8 34.Qg4 Re2 35.Rbc1 Qa6 36.Nd3 Rde8
37.g3 Qb7 38.Re1 Rxe1+ 39.Rxe1 Rf8 40.Qe6 Qf3 41.Qe4 Qf7 42.h4 Qf6 43.Rc1 Qf7
44.Kg2 Qa7 45.Rc6 Qb7 46.Re6 Qxe4+ 47.Rxe4 Rc8 48.Re1 Bh6 49.Re5 Kg8 50.Rc5  1-0

[Event "HB Global CC"]
[Site "Minneapolis USA"]
[Date "2005.05.19"]
[Round "3"]
[White "Ehlvest,J"]
[Black "Sokolin,L"]
[Result "1/2-1/2"]
[WhiteElo "2614"]
[BlackElo "2513"]

1.d4 Nf6 2.Nf3 d6 3.c4 Bg4 4.d5 e5 5.dxe6 Bxe6 6.Nc3 Nc6 7.e4 g6 8.Be2 Bg7
9.O-O O-O 10.Bf4 h6 11.Rc1 Nd7 12.Qd2 Kh7 13.Nb5 Nc5 14.Qe3 Re8 15.Nxc7 Qxc7
16.Qxc5 dxc5 17.Bxc7 f5 18.e5 g5 19.h3 g4 20.hxg4 fxg4 21.Nh2 Bxe5 22.Bxe5 Nxe5
23.f4 gxf3 24.Nxf3 Nc6 25.Bd3+ Kg7 26.Be4 Rad8 27.Bxc6 bxc6 28.Rcd1  1/2-1/2

[Event "HB Global CC"]
[Site "Minneapolis USA"]
[Date "2005.05.21"]
[Round "7"]
[White "Ehlvest,J"]
[Black "Sevillano,E"]
[Result "1-0"]
[WhiteElo "2614"]
[BlackElo "2450"]

1.Nf3 Nf6 2.c4 e6 3.g3 b6 4.Bg2 Bb7 5.d4 Be7 6.Nc3 d5 7.Ne5 O-O 8.O-O Nbd7
9.Qa4 Nb8 10.Rd1 c6 11.e4 a6 12.Qb3 dxc4 13.Nxc4 b5 14.Bf4 Ra7 15.Ne5 Nbd7
16.Be3 Ra8 17.Nd3 Qc8 18.Rac1 Ng4 19.Ne2 Nxe3 20.fxe3 Bg5 21.Nef4 e5 22.dxe5 c5
23.e6 fxe6 24.Qxe6+ Kh8 25.Nf2 Nf6 26.Qxc8 Raxc8 27.h4 Bh6 28.e5 Bxg2 29.Kxg2 Ng8
30.Ne4 c4 31.Rd7 Rcd8 32.Rcd1 Rxd7 33.Rxd7 Bxf4 34.gxf4 h6 35.Nd6  1-0

[Event "National Open"]
[Site "Las Vegas USA"]
[Date "2005.06.10"]
[Round "1"]
[White "Ehlvest,J"]
[Black "Del Pilar,R"]
[Result "1-0"]
[WhiteElo "2614"]
[BlackElo "2306"]

1.d4 Nf6 2.Nf3 e6 3.c4 c5 4.d5 exd5 5.cxd5 d6 6.Nc3 g6 7.Nd2 Bg7 8.e4 O-O
9.Be2 Re8 10.O-O Na6 11.Kh1 Nc7 12.a4 Na6 13.f3 Nb4 14.Nc4 b6 15.Nb5 Bf8
16.Bg5 Rb8 17.Nxa7 h6 18.Bh4 Ba6 19.Nb5 g5 20.Be1 Nh5 21.b3 Nf6 22.Bc3 Bxb5
23.axb5 g4 24.Ra7 gxf3 25.Bxf3 Bg7 26.Bb2 Re7 27.Rxe7 Qxe7 28.Ne3 Ne8 29.Nf5 Qg5
30.h4  1-0

[Event "National Open"]
[Site "Las Vegas USA"]
[Date "2005.06.10"]
[Round "2"]
[White "De Guzman,R"]
[Black "Ehlvest,J"]
[Result "1-0"]
[WhiteElo "2390"]
[BlackElo "2614"]

1.d4 Nf6 2.Nf3 e6 3.Bg5 d6 4.Nbd2 Nbd7 5.c3 h6 6.Bh4 g5 7.Bg3 Nh5 8.e3 Bg7
9.Bd3 Qe7 10.O-O Ndf6 11.a4 a5 12.e4 Nd7 13.Ne1 Nxg3 14.fxg3 h5 15.Nc2 g4
16.Qe2 Bh6 17.Rf2 Qg5 18.Raf1 Rf8 19.Nc4 b6 20.N2a3 Qg7 21.Nb5 Kd8 22.Ncxd6 cxd6
23.Nxd6 f6 24.e5 f5 25.Kh1 Ra7 26.Qc2 Nxe5 27.dxe5 Qxe5 28.Nb5 Re7  1-0

[Event "33rd World Open"]
[Site "Philadelphia USA"]
[Date "2005.06.29"]
[Round "2"]
[White "Ippolito,D"]
[Black "Ehlvest,J"]
[Result "1/2-1/2"]
[WhiteElo "2402"]
[BlackElo "2614"]

1.d4 Nf6 2.c4 e6 3.Nc3 Bb4 4.Qc2 c5 5.dxc5 O-O 6.a3 Bxc5 7.Nf3 b6 8.Bg5 Bb7
9.e4 h6 10.Bh4 Be7 11.O-O-O Na6 12.Nd4 Nc5 13.f3 Ne8 14.Bxe7 Qxe7 15.h4 d6
16.Kb1 a6 17.g4 g6 18.Nde2  1/2-1/2

[Event "33rd World Open"]
[Site "Philadelphia USA"]
[Date "2005.07.03"]
[Round "7"]
[White "Ehlvest,J"]
[Black "Perelshteyn,E"]
[Result "1/2-1/2"]
[WhiteElo "2614"]
[BlackElo "2507"]

1.Nf3 c5 2.e4 Nc6 3.d4 cxd4 4.Nxd4 g6 5.c4 Nf6 6.Nc3 d6 7.Be2 Nxd4 8.Qxd4 Bg7
9.Bg5 O-O 10.Qd2 Be6 11.Rc1 Qa5 12.f3 Rfc8 13.h4 a6 14.b3 b5 15.Nd5 Qd8 16.Nf4 bxc4
17.Nxe6 c3 18.Rxc3 fxe6 19.Bc4 d5 20.exd5 exd5 21.Bxf6 Bxf6 22.Qxd5+ Qxd5
23.Bxd5+ Kg7 24.Rc4 Rxc4 25.Bxc4 Rd8 26.g3 h5 27.Ke2 a5 28.Bd3 Bb2 29.Rd1 Rd6
30.Rd2 Be5 31.f4 Bd4 32.Kf3 e5 33.Bc4 exf4 34.gxf4 Be5 35.Re2 Bf6 36.f5 Bxh4
37.fxg6 Kxg6 38.Re5 Bd8 39.Ke4 h4  1/2-1/2

[Event "National Chess Congress"]
[Site "Philadelphia USA"]
[Date "2005.11.26"]
[Round "4"]
[White "Friedel,J"]
[Black "Ehlvest,J"]
[Result "0-1"]
[WhiteElo "2453"]
[BlackElo "2618"]

1.e4 c5 2.Nf3 d6 3.d4 cxd4 4.Nxd4 Nf6 5.Nc3 g6 6.Be3 Bg7 7.f3 a6 8.g4 b5
9.Qd2 Bb7 10.Bg2 Nbd7 11.h3 Rc8 12.f4 Nc5 13.e5 Nfe4 14.Nxe4 Nxe4 15.Qd3 Nc5
16.Qe2 Bxg2 17.Qxg2 dxe5 18.fxe5 Qa5+ 19.Bd2 Qc7 20.O-O-O Qxe5 21.Kb1 O-O
22.Ba5 Qe4 23.Qf2 e5 24.Rhe1 Qb7 25.Nb3 Na4 26.c3 f5 27.Bb4 Rf7 28.gxf5 Rxf5
29.Qd2 Re8 30.Na5 Qf7 31.b3 Nb6 32.Bc5 Nc8 33.Nc6 e4 34.Bd4 Bf8 35.Be3 Nd6
36.Nd4 Rd5 37.Qg2 Bg7 38.Rf1 Qd7 39.Ne2 Nf5 40.Rxd5 Qxd5  0-1

[Event "Masters"]
[Site "Berkeley USA"]
[Date "2005.12.17"]
[Round "1"]
[White "Ehlvest,J"]
[Black "Stein,Alan"]
[Result "0-1"]
[WhiteElo "2618"]
[BlackElo "2422"]

1.e4 e5 2.Nf3 Nc6 3.Bb5 a6 4.Ba4 Nf6 5.O-O Be7 6.Re1 b5 7.Bb3 d6 8.c3 O-O
9.d4 Bg4 10.Be3 exd4 11.cxd4 Na5 12.Bc2 c5 13.h3 cxd4 14.Bxd4 Bh5 15.g4 Bg6
16.Nc3 Rc8 17.Nh4 Nd7 18.Nf5 Bxf5 19.exf5 Bf6 20.Nd5 Bxd4 21.Ne7+ Kh8 22.Nxc8 Ne5
23.Be4 Bxb2 24.Rb1 Ba3 25.Na7 Bc5 26.Nxb5 axb5 27.Rxb5 Qh4 28.Qe2 Nac4 29.Kg2 h5
30.Rxc5 dxc5 31.Bd5 Rd8 32.Bxc4 Nxc4 33.Qxc4 Rd2 34.Re2 hxg4 35.hxg4 Rd4
36.Re8+ Kh7 37.Qe2 Rxg4+  0-1

[Event "Masters"]
[Site "Berkeley USA"]
[Date "2005.12.17"]
[Round "2"]
[White "Pruess,D"]
[Black "Ehlvest,J"]
[Result "1-0"]
[WhiteElo "2400"]
[BlackElo "2618"]

1.e4 c5 2.Nf3 d6 3.d4 cxd4 4.Nxd4 Nf6 5.Nc3 g6 6.Be3 Bg7 7.f3 a6 8.Bc4 Nbd7
9.a4 b6 10.O-O Bb7 11.Qe2 O-O 12.Nd5 e5 13.Nb3 Nxd5 14.Bxd5 Bxd5 15.exd5 Re8
16.c4 Nc5 17.Ra3 e4 18.Nd4 Qd7 19.f4 Nxa4 20.f5 b5 21.f6 Bf8 22.Rfa1 Nb6
23.b3 Qb7 24.Nc6 bxc4 25.bxc4 Nd7 26.Bd4 Ne5 27.Bxe5 dxe5 28.Qe3 Bxa3 29.Rxa3 Qb1+
30.Kf2 h5 31.Rb3 Qc2+ 32.Kg3 h4+ 33.Kh3 Kh7 34.Rc3 Qb2 35.Qe1 g5 36.Qxe4+ Kh6
37.Rf3 Rac8 38.Ne7 Rg8 39.Nf5+ Kg6 40.Ne3+  1-0

[Event "Masters"]
[Site "Berkeley USA"]
[Date "2005.12.21"]
[Round "7"]
[White "Friedel,J"]
[Black "Ehlvest,J"]
[Result "0-1"]
[WhiteElo "2453"]
[BlackElo "2618"]

1.e4 g6 2.d4 d6 3.Nf3 Bg7 4.c3 Nd7 5.Bd3 e6 6.O-O Ne7 7.Re1 b6 8.c4 e5 9.d5 O-O
10.Nc3 f5 11.b4 h6 12.Bb2 f4 13.Nd2 g5 14.Be2 Nf6 15.c5 g4 16.Nc4 Ng6 17.cxb6 cxb6
18.Nb5 Nxe4 19.Qc2 Nh4 20.Bd3 a6 21.Nd4 Ng5 22.Nc6 Qc7 23.Kh1 b5 24.N4xe5 dxe5
25.Qc5 Qf7 26.Nxe5 Qh5 27.Qc7 Bf5 28.Bxf5 Nxf5 29.Rac1 g3  0-1

[Event "XXII Open"]
[Site "Reykjavik ISL"]
[Date "2006.03.06"]
[Round "1"]
[White "Gara,T"]
[Black "Ehlvest,J"]
[Result "1/2-1/2"]
[WhiteElo "2265"]
[BlackElo "2619"]

1.e4 g6 2.d4 d6 3.Nc3 c6 4.f4 d5 5.e5 h5 6.Be3 Nh6 7.Nf3 Bg4 8.Be2 Nf5 9.Bf2 e6
10.Qd2 Nd7 11.Nd1 Qb6 12.c3 c5 13.Ne3 Rc8 14.O-O Nxe3 15.Bxe3 a6 16.h3 Bf5
17.Rfd1 Be7 18.Kh1 c4 19.Bf2 h4 20.Nh2 Kf8 21.Bg4 Kg7 22.Nf1 Be4 23.Nh2 Qc7
24.Bf3 Bf5 25.Nf1 b5 26.Ne3 Bd3 27.b4 Nb6 28.Be2 Be4 29.Bf3 Bxf3 30.gxf3 Kf8
31.Rg1 Ke8 32.Rg4 Kd7 33.Ng2 Rh5 34.Ne3 Ra8 35.Rgg1 a5 36.a3 Rhh8 37.Rgb1 Ra6
38.Nc2 Rha8 39.Qe1 axb4 40.axb4 Ra2 41.Qc1 Qd8 42.Be1 Qh8 43.Rxa2 Rxa2 44.Ra1 Qa8
45.Qb1 Rxa1 46.Qxa1 Qa4 47.Qxa4 bxa4 48.Bd2 Na8 49.Kg2 Nc7 50.Kf2 Nb5 51.Ke2 Bf8
52.Kd1 Bh6 53.Kc1 f6 54.exf6 Ke8 55.Kb2 Kf7 56.Na3 Nd6 57.b5 Kxf6 58.b6 Bf8
59.Nc2 Nb7 60.Nb4 Bxb4 61.cxb4 Ke7 62.Ka3 Kd7 63.b5 Nd6 64.Kxa4 Nb7 65.Be1 Kc8
66.Bxh4 Kd7 67.Kb4 Kc8 68.Be7 Kd7 69.Bf8 Ke8 70.Bg7 Kd7  1/2-1/2

[Event "XXII Open"]
[Site "Reykjavik ISL"]
[Date "2006.03.09"]
[Round "4"]
[White "Ehlvest,J"]
[Black "Ziska,H"]
[Result "1/2-1/2"]
[WhiteElo "2619"]
[BlackElo "2286"]

1.d4 Nf6 2.Nf3 g6 3.Bg5 Bg7 4.e3 O-O 5.Be2 d6 6.c4 h6 7.Bh4 c5 8.Nc3 Bf5
9.O-O Ne4 10.Qb3 Nxc3 11.bxc3 Qc7 12.Nd2 Nc6 13.e4 Bd7 14.d5 Na5 15.Qc2 Rfe8
16.f4 Rab8 17.f5 g5 18.Bg3 b5 19.cxb5 Bxb5 20.Rae1 Bxe2 21.Rxe2 Qb7 22.Qd3 Qb5
23.c4 Qa4 24.e5 dxe5 25.Bxe5 Bxe5 26.Rxe5 Rb2 27.f6 Rxd2 28.Qxd2 Nxc4 29.Rxg5+ Kh8
30.Qc3 hxg5 31.fxe7+ Kg8 32.Qf6 Nd6 33.Qxd6 Qd4+ 34.Kh1 Qe3 35.Qf6 Qxe7 36.Qf5 Rd8
37.h3 Kg7 38.Rf3 f6 39.Rd3 Qe5 40.Qxe5 fxe5 41.d6 Kf6 42.Rd5 Kf5 43.Kg1 Ke4
44.Rxc5 Rxd6 45.Ra5 Rf6 46.Rxa7 Kd3 47.Ra3+ Ke2 48.Rf3 Ra6 49.Rf2+ Ke1 50.Rf1+ Ke2
51.Rf2+ Ke1 52.Rf1+  1/2-1/2

[Event "XXII Open"]
[Site "Reykjavik ISL"]
[Date "2006.03.10"]
[Round "5"]
[White "Mamedjarova,T"]
[Black "Ehlvest,J"]
[Result "0-1"]
[WhiteElo "2308"]
[BlackElo "2619"]

1.d4 d6 2.Nf3 g6 3.g3 Bg7 4.Bg2 Nf6 5.O-O O-O 6.c4 Nbd7 7.Nc3 e5 8.e3 Re8
9.b3 c6 10.Bb2 exd4 11.exd4 Nb6 12.h3 d5 13.cxd5 Nbxd5 14.Ne5 Nxc3 15.Bxc3 Be6
16.Qc2 Bd5 17.Rfe1 Bxg2 18.Kxg2 Nd5 19.Rad1 Nc7 20.Kh2 Qd5 21.Bb2 Rad8 22.Qc4 Ne6
23.Qxd5 Rxd5 24.Ng4 Red8 25.Kg2 h5 26.Ne3 R5d7 27.d5 cxd5 28.Bxg7 Kxg7 29.Rd2 d4
30.Nc4 b5 31.Ne5 Rc7 32.Red1 g5 33.Nf3 Rcd7 34.Ne5 Rd6 35.Rc1 d3 36.Rcd1 Kf6
37.Nf3 Nc5 38.Ne1 b4 39.f3 a5 40.g4 Ne6 41.Kf2 Nf4 42.gxh5 Nxh3+ 43.Kg3 Nf4  0-1

[Event "XXII Open"]
[Site "Reykjavik ISL"]
[Date "2006.03.13"]
[Round "8"]
[White "Ehlvest,J"]
[Black "Nataf,IA"]
[Result "0-1"]
[WhiteElo "2619"]
[BlackElo "2553"]

1.d4 Nf6 2.Nf3 g6 3.Bg5 Bg7 4.e3 O-O 5.Be2 d6 6.c4 h6 7.Bh4 c5 8.Nc3 cxd4
9.Nxd4 Nc6 10.O-O Bd7 11.Rc1 Rc8 12.a3 Na5 13.b3 a6 14.h3 Re8 15.f4 e5 16.fxe5 dxe5
17.Nf3 Be6 18.Nd2 g5 19.Bf2 e4 20.Qe1 Re7 21.Bg3 Rd7 22.Ncb1 b5 23.cxb5 Rxc1
24.Qxc1 Qb6 25.Qc8+ Kh7 26.Qxa6 Qxe3+ 27.Bf2 Qxe2 28.Re1 Qh5 29.Qxa5 Bxh3
30.gxh3 Qxh3 31.b6 Nh5 32.Nxe4 f5 33.Qa8 Nf4 34.Ng3 Rd5 35.Qxd5 Nxd5 36.Ne2 Be5
37.Ng3 Nf6  0-1

[Event "National Open"]
[Site "Las Vegas USA"]
[Date "2006.06.16"]
[Round "1"]
[White "Hansen,Er"]
[Black "Ehlvest,J"]
[Result "0-1"]
[WhiteElo "1835"]
[BlackElo "2607"]

1.e4 g6 2.d4 d6 3.Nc3 c6 4.Bc4 Nf6 5.Bb3 Bg7 6.Bg5 h6 7.Bh4 Nbd7 8.f4 Qa5
9.Qd2 e5 10.fxe5 dxe5 11.dxe5 Nxe5 12.O-O-O O-O 13.Nf3 Bg4 14.Bxf6 Bxf6 15.Qxh6 Bxf3
16.Rd5 cxd5 17.Nxd5 Qd8 18.Nxf6+ Qxf6 19.gxf3  0-1

[Event "National Open"]
[Site "Las Vegas USA"]
[Date "2006.06.18"]
[Round "5"]
[White "Khachiyan,M"]
[Black "Ehlvest,J"]
[Result "1-0"]
[WhiteElo "2465"]
[BlackElo "2607"]

1.e4 g6 2.d4 d6 3.Nc3 c6 4.a4 Bg7 5.h3 Nf6 6.Nf3 O-O 7.Be2 Qc7 8.O-O e5 9.Bg5 Nbd7
10.Re1 Re8 11.Bc4 exd4 12.Nxd4 Qa5 13.Nf3 Qb4 14.Bb3 a5 15.Bf4 Ne5 16.Ng5 d5
17.Na2 Qc5 18.Be3 Qf8 19.exd5 h6 20.Bd4 Nxd5 21.Ne4 b6 22.c4 Nf4 23.Bxb6 Ned3
24.Re3 Bf5 25.Qf3 Bxb2 26.Rd1 Qa3 27.Nd2 g5 28.Qxc6 Qf8 29.Qb5 Bg6 30.Bc2 Rab8
31.Bxd3 Rxe3 32.Bxg6 Re6 33.c5 fxg6 34.Qxb2 Ne2+ 35.Kh1 Qxc5 36.Nc4 Qxc4
37.Rd7 Nc3 38.Nxc3 Rbxb6 39.Nb5 Rf6 40.Qd2 Rf7 41.Rxf7 Rxb5 42.axb5 Kxf7
43.b6 Qc6 44.Qb2 Qb7 45.Qa2+ Ke7 46.Qxa5 Kd7 47.Qd2+ Kc6 48.Qc2+ Kxb6 49.Qxg6+ Kc5
50.Qxh6 Qe7 51.Qh5 Qe1+ 52.Kh2 Qxf2 53.Qxg5+ Kc6 54.h4 Kd7 55.Qd5+ Ke7 56.Qe4+ Kd7
57.Kh3 Qd4  1-0

[Event "34th World Open"]
[Site "Philadelphia USA"]
[Date "2006.07.03"]
[Round "7"]
[White "Ehlvest,J"]
[Black "Zapata,A"]
[Result "1-0"]
[WhiteElo "2607"]
[BlackElo "2470"]

1.e4 c5 2.Nf3 e6 3.d4 cxd4 4.Nxd4 Nc6 5.Nb5 d6 6.c4 Nf6 7.N1c3 a6 8.Na3 Be7
9.Be2 O-O 10.O-O b6 11.Be3 Bb7 12.Qb3 Nd7 13.Rfd1 Ra7 14.Rac1 Ba8 15.Nab1 Qb8
16.a3 Rc7 17.Qa2 Nf6 18.f3 Rd8 19.Bf1 Ne5 20.Kh1 Bc6 21.b4 Be8 22.Bd4 Rcc8
23.Nd2 Ng6 24.Nb3 Ne5 25.Nd2 Ng6 26.a4 Ne5 27.a5 bxa5 28.bxa5 Nc6 29.Rb1 Qa8
30.Bb6 Rd7 31.Na4 Rb7 32.c5 d5 33.Nc3 Rd7 34.exd5 Nxd5 35.Nxd5 Rxd5 36.Ne4 Nd4
37.Bc4 Rd7 38.Nd6 Bxd6 39.cxd6 Nxf3 40.Qe2 Nh4 41.Rb4 Nf5 42.Bc7 Ne3 43.Qxe3 Rcxc7
44.Be2 Rc2 45.Bf3 Qc8 46.h3 Rd8 47.Rb7 Kf8 48.Qb6 Rd7 49.Rb8 Qc4 50.Qb1 f5
51.Ra8 Rxd6 52.Rxe8+ Kxe8 53.Qb8+ Kf7 54.Qxd6 Rc1 55.Qd2 Rxd1+ 56.Bxd1 Ke7
57.Be2 Qc6 58.Qd3 Qc1+ 59.Bf1  1-0

[Event "34th World Open"]
[Site "Philadelphia USA"]
[Date "2006.07.04"]
[Round "8"]
[White "Vescovi,G"]
[Black "Ehlvest,J"]
[Result "1/2-1/2"]
[WhiteElo "2622"]
[BlackElo "2607"]

1.e4 c5 2.Nf3 e6 3.d3 Nc6 4.g3 Nf6 5.Bg2 d6 6.O-O Be7 7.c3 O-O 8.Nbd2 Bd7
9.a4 Rc8 10.Re1 Qc7 11.Nc4 Ng4 12.Bg5 Nge5 13.Bxe7 Nxe7 14.Nh4 Bc6 15.f4 Nd7
16.Nf3 b6 17.Ncd2 e5 18.fxe5 Nxe5 19.Qe2 Bd7 20.Nf1 Nxf3+ 21.Bxf3 Rce8 22.d4 Kh8
23.Qd3 f5 24.b3 f4 25.Ra2 cxd4 26.cxd4 Rc8 27.Bd1 fxg3 28.hxg3 Nc6 29.Rf2 Rxf2
30.Kxf2 Qd8 31.e5 dxe5 32.dxe5 Qe7 33.Qd6 Re8 34.Qc7 Rf8+ 35.Kg1 Qc5+ 36.Ne3 Rd8
37.Qd6 Qxe5 38.Qxe5 Nxe5 39.Ng2 Re8 40.Re3 a5 41.Be2 g5 42.Bb5 Bxb5 43.axb5 Kg7
44.Rc3 Ng4 45.Rc6 Re2 46.Rxb6 Rb2 47.Ne1 Rxb3 48.Kg2 Rb2+ 49.Kg1 Ne5 50.Rb8 h5
51.b6 Nc6 52.Rb7+ Kf6 53.Nf3 g4 54.Ne1 a4 55.Ra7 Re2 56.Rc7 Rxe1+ 57.Kf2 Rb1
58.Rxc6+ Ke5 59.Rc4 Rb2+ 60.Kf1 a3 61.Ra4 a2 62.b7 Rxb7 63.Rxa2  1/2-1/2

[Event "USCL"]
[Site "ICC INT"]
[Date "2006.10.11"]
[Round "7"]
[White "Lopez,B"]
[Black "Ehlvest,J"]
[Result "1/2-1/2"]
[WhiteElo "2411"]
[BlackElo "2593"]

1.e4 c5 2.Nf3 e6 3.d4 cxd4 4.Nxd4 Nf6 5.Nc3 d6 6.Bc4 Be7 7.Bb3 Na6 8.f4 Nc5
9.Qf3 O-O 10.f5 a5  1/2-1/2

[Event "Open"]
[Site "Santo Domingo DOM"]
[Date "2006.10.31"]
[Round "1"]
[White "Ehlvest,J"]
[Black "Jaquez,R"]
[Result "1-0"]
[WhiteElo "2597"]
[BlackElo "2179"]

1.d4 d5 2.c4 dxc4 3.e3 Nf6 4.Bxc4 e6 5.Qe2 Be7 6.Nf3 c6 7.e4 Nbd7 8.O-O O-O
9.Nc3 Re8 10.Rd1 Nf8 11.a3 Ng6 12.h3 Qc7 13.Bg5 a6 14.Rac1 Qb8 15.Ba2 Nh5
16.Be3 Nf6 17.Bg5 Nd7 18.Bxe7 Rxe7 19.e5 Nb6 20.Ne4 Nd5 21.Qd2 Bd7 22.h4 f5
23.Nd6 Nh8 24.Bxd5 cxd5 25.Qb4 a5 26.Qb6 Bc6 27.b4 axb4 28.axb4 Qd8 29.Qc5 Nf7
30.b5 Be8 31.Nc8  1-0

[Event "Open"]
[Site "Santo Domingo DOM"]
[Date "2006.11.01"]
[Round "2"]
[White "Munoz,Li"]
[Black "Ehlvest,J"]
[Result "1/2-1/2"]
[WhiteElo "2396"]
[BlackElo "2597"]

1.e4 c5 2.Nf3 e6 3.d4 cxd4 4.Nxd4 a6 5.Bd3 Nf6 6.O-O d6 7.c4 b6 8.Nc3 Bb7
9.Be3 Nbd7 10.f3 Be7 11.Qd2 Rc8 12.Rfd1 Ne5 13.b3 Nxd3 14.Qxd3 Nd7 15.Nde2 O-O
16.Rac1 Qc7 17.Qd2 Rfe8 18.Qe1 Qb8 19.Qf2 Ba8 20.a4 Red8 21.Qg3 Bf8 22.Bg5 Re8
23.Kh1 Qc7 24.Bf4 Ne5 25.Be3 Rb8 26.Rd2 Ng6 27.Nf4 Ne5 28.Rcd1 Bc6 29.Nh5 Ng6
30.Bf4 e5 31.Be3 b5 32.cxb5 axb5 33.Nd5 Bxd5 34.Rxd5 Qc2 35.axb5 Rxb5 36.R5d2 Qxb3
37.Qf2 Be7 38.Ng3 Nh4 39.Ne2 Rc8 40.Rd3 Qa4 41.Qe1 Rb3 42.Rxb3 Qxb3 43.Rc1 Rxc1
44.Qxc1 Qa2 45.Bg5 Ng6 46.Bd2 h5 47.Nc3 Qc4 48.Nd5 Qe2 49.Qe1 Qxe1+ 50.Bxe1 Kf8
51.g3 Ke8 52.Kg2 Bd8 53.f4 exf4 54.gxf4 Ne7 55.Ne3 Bb6 56.Nc4 Bc5 57.Bc3 f5
58.e5 d5 59.Nd6+ Kd7 60.Nb5 Kc6 61.Nd4+ Bxd4 62.Bxd4 Ng6 63.Kf3 Nf8 64.Ke3 Ne6
65.Bb2 Kc5 66.Bc1 h4 67.Bd2 d4+ 68.Kd3 Kd5 69.h3 Nc5+ 70.Ke2 Ke4 71.Bc1 d3+
72.Kf2 Ne6 73.Bd2 Kd4 74.Kf3 Nc5 75.Be3+ Kd5 76.Bxc5 Kxc5 77.Ke3 Kd5 78.Kxd3 g5
79.fxg5 Kxe5 80.Ke3 f4+ 81.Kf3 Kf5  1/2-1/2